000 00434nam a2200181Ia 4500
001 13937
005 20260306164837.0
008 260306t2006||||xx |||||||||||||| ||spa||
041 _aESP
082 _a005.73
_bS19 2006
100 _aSamet, Hanan
_eAUT
245 0 _aFoundations of multidimensional and metric data structures
260 _c2006
300 _a
_c
650 _aGEN
654 _aCCC
942 _cLIB
_dJUS
_fJUS
_2ddc
_n
999 _c13937
_d13937